000
00260nam a2200097Ia 4500
001
1145642
005
20250827010236.0
008
250824s9999 xx 000 0 und d
245
0
_a
KENDİNİ BİLEN RABB'İNİ BİLİR
_c
UĞUR KOŞAR
260
_b
DESTEK YAYINLARI
999
_c
1145642
_d
1145642